Sila jednoduchosti ako zefektívniť chod firmy a zjednodušiť jej činnosť

Gespeichert in:
Bibliographische Detailangaben
1. Verfasser: Ashkenas, Ron
Weitere Verfasser: Sýkorčinová, Adriana, Péliová, Jana, 1976-
Format: Buch
Sprache:Slowakisch
Veröffentlicht: Bratislava Eastone Books 2010
Schriftenreihe:Knižná edícia Nadácie Tatra banky
Schlagworte:
Tags: Tag hinzufügen
Keine Tags, Fügen Sie das erste Tag hinzu!

MARC

LEADER 00000nam a2200000 4500
001 0121504
005 20240314093525.4
020 |a 978-80-8109-135-3 
041 0 |a slo 
044 |a SK 
245 1 0 |a Sila jednoduchosti  |b ako zefektívniť chod firmy a zjednodušiť jej činnosť  |c Ron Ashkenas ; preložila Adriana Sýkorčinová, odborná redakcia Jana Péliová 
264 1 |a Bratislava  |b Eastone Books  |c 2010 
300 |a 196 s. 
490 1 |a Knižná edícia Nadácie Tatra banky 
830 0 |a Knižná edícia Nadácie Tatra banky 
610 2 0 |a riadenie 
610 2 0 |a riadenie podnikové 
610 2 0 |a efektívnosť podnikania 
610 2 0 |a štruktúra organizačná 
610 2 0 |a kontrola podniková 
610 2 0 |a kontrola vnútropodniková 
610 2 0 |a stratégia podnikateľská 
610 2 0 |a stratégia podniková 
100 1 |a Ashkenas, Ron 
700 1 |a Sýkorčinová, Adriana 
700 1 |a Péliová, Jana, 1976-